Evaluación del síndrome de burnout en los tecnólogos en estética y cosmetología en la pandemia por sars - cov 2. / (Registro nro. 4211)
[ vista simple ]
| 000 -LEADER | |
|---|---|
| fixed length control field | 01961nam a2200241 4500 |
| 005 - DATE AND TIME OF LATEST TRANSACTION | |
| control field | 20250329165437.0 |
| 008 - FIXED-LENGTH DATA ELEMENTS--GENERAL INFORMATION | |
| fixed length control field | 190415s2021 000 0 eng d |
| 040 ## - CATALOGING SOURCE | |
| Original cataloging agency | CO-CtgCURN |
| Language of cataloging | spa |
| Transcribing agency | coctgcurn |
| 082 0# - DEWEY DECIMAL CLASSIFICATION NUMBER | |
| Classification number | EST 2021 |
| Item number | C266 |
| 100 1# - MAIN ENTRY--PERSONAL NAME | |
| Personal name | Cárdenas Asis, Hillary Vanessa. |
| 245 10 - TITLE STATEMENT | |
| Title | Evaluación del síndrome de burnout en los tecnólogos en estética y cosmetología en la pandemia por sars - cov 2. / |
| Statement of responsibility, etc. | Hillary Vanessa Cardenas Asis; Paula Andrea Ochoa Morales; Asesora: Jannet Delfina Salgado Guadarrama. |
| 260 ## - PUBLICATION, DISTRIBUTION, ETC. | |
| Place of publication, distribution, etc. | Cartagena de Indias : |
| Name of publisher, distributor, etc. | Corporación Universitaria Rafael Nuñez, |
| Date of publication, distribution, etc. | 2021. |
| 300 ## - PHYSICAL DESCRIPTION | |
| Extent | 54 hojas. |
| 500 ## - GENERAL NOTE | |
| General note | Trabjo de grado como resultado del programa DELFIN en asocio con la Universidad Autónoma del Estado de México. Facultad de Enfermería y Obstetricia. |
| 504 ## - BIBLIOGRAPHY, ETC. NOTE | |
| Bibliography, etc. note | Trabajo de grado (Tecnologia en estetica y cosmetologia). Corporación Universitaria Rafael Nuñez. Facultad de Ciencias de la Salud. Tecnologia en estetica y cosmetologia, 2021. |
| 520 ## - SUMMARY, ETC. | |
| Summary, etc. | "Es innegable que el brote por el coronavirus SARSCOV2 ha significado un momento crítico en la historia de la humanidad, pues sus efectos han sido devastadores en muy poco tiempo. El 11 de marzo del 2020 la Organización Mundial de la Salud (OMS) declaró a la enfermedad COVID-19 (ocasionada por el virus SARSCOV2) como una pandemia, y tan solo dos semanas después ya se había propagado a 114 países, muchos de ellos adoptaron cuarentenas totales con impactos económicos incalculables." |
| 650 #0 - SUBJECT ADDED ENTRY--TOPICAL TERM | |
| Topical term or geographic name entry element | Estetica y Cosmetologia |
| Form subdivision | Tesis y disertaciones academicas. |
| 700 1# - ADDED ENTRY--PERSONAL NAME | |
| Personal name | Ochoa Morales, Paula Andrea. |
| 700 1# - ADDED ENTRY--PERSONAL NAME | |
| Personal name | Salgado Guadarrama, Jannet Delfina, |
| Relator term | asesora. |
| 856 ## - ELECTRONIC LOCATION AND ACCESS | |
| Uniform Resource Identifier | <a href="https://unicurn.sharepoint.com/:b:/s/biblioteca/EbEQ2tZtsF1Gov_UrK-sOrkBmvFS97tp0vnefXd2MAiROg?e=Bld8Z8">https://unicurn.sharepoint.com/:b:/s/biblioteca/EbEQ2tZtsF1Gov_UrK-sOrkBmvFS97tp0vnefXd2MAiROg?e=Bld8Z8</a> |
| Public note | Click aqui para ver el recurso en texto completo |
| 942 ## - ADDED ENTRY ELEMENTS (KOHA) | |
| Source of classification or shelving scheme | Dewey Decimal Classification |
| Koha item type | Trabajos de grado |
| Classification part | EST 2021 |
| Item part | C266 |
| Withdrawn status | Lost status | Source of classification or shelving scheme | Damaged status | Not for loan | Collection | Home library | Current library | Shelving location | Date acquired | Source of acquisition | Cost, normal purchase price | Inventory number | Total checkouts | Full call number | Barcode | Date last seen | Price effective from | Koha item type |
|---|---|---|---|---|---|---|---|---|---|---|---|---|---|---|---|---|---|---|
| Dewey Decimal Classification | Trabajos de grado | Miguel Henríquez Emiliani | Miguel Henríquez Emiliani | Trabajo de grado | 06/01/2019 | El autor | 350000.00 | 024116 | EST 2021 C266 | 024116 | 04/15/2019 | 04/15/2019 | Trabajos de grado |